Сборник задач и упражнений по теории механизмов и машин: учебное пособие
| প্রধান লেখক: | |
|---|---|
| সংস্থা লেখক: | |
| অন্যান্য লেখক: | |
| সংক্ষিপ্ত: | Заглавие с титульного экрана Электронная версия печатной публикации Практикум по теории механизмов и машин содержит большое количество задач и примеров. В пособии кратко излагаются основные теоретические положения по структуре, кинематике и динамике механизмов, рассматриваются вопросы кинематического проектирования планетарных механизмов. Предназначен для студентов машиностроительных, механических и приборостроительных специальностей изучающих курс теории механизмов и машин. Каждый раздел сборника задач снабжен кратким изложением основ теории и рекомендациями по практическому применению. Режим доступа: из корпоративной сети ТПУ |
| ভাষা: | রুশ |
| প্রকাশিত: |
Томск, Изд-во ТПУ, 2011
|
| বিষয়গুলি: | |
| অনলাইন ব্যবহার করুন: | http://www.lib.tpu.ru/fulltext2/m/2012/m235.pdf |
| বিন্যাস: | বৈদ্যুতিক গ্রন্থ |
| KOHA link: | https://koha.lib.tpu.ru/cgi-bin/koha/opac-detail.pl?biblionumber=215751 |
MARC
| LEADER | 00000nlm0a2200000 4500 | ||
|---|---|---|---|
| 001 | 215751 | ||
| 005 | 20260105124418.0 | ||
| 035 | |a (RuTPU)RU\TPU\book\235684 | ||
| 090 | |a 215751 | ||
| 100 | |a 20120516d2011 m y0rusy50 ca | ||
| 101 | 0 | |a rus | |
| 102 | |a RU | ||
| 105 | |a a j 001zy | ||
| 135 | |a drgn ---uucaa | ||
| 181 | 0 | |a i | |
| 182 | 0 | |a b | |
| 200 | 1 | |a Сборник задач и упражнений по теории механизмов и машин |e учебное пособие |f М. В. Горбенко, Т. И. Горбенко |g Национальный исследовательский Томский политехнический университет (ТПУ) | |
| 203 | |a Текст |c электронный | ||
| 210 | |a Томск |c Изд-во ТПУ |d 2011 | ||
| 300 | |a Заглавие с титульного экрана | ||
| 300 | |a Электронная версия печатной публикации | ||
| 330 | |a Практикум по теории механизмов и машин содержит большое количество задач и примеров. В пособии кратко излагаются основные теоретические положения по структуре, кинематике и динамике механизмов, рассматриваются вопросы кинематического проектирования планетарных механизмов. Предназначен для студентов машиностроительных, механических и приборостроительных специальностей изучающих курс теории механизмов и машин. Каждый раздел сборника задач снабжен кратким изложением основ теории и рекомендациями по практическому применению. | ||
| 333 | |a Режим доступа: из корпоративной сети ТПУ | ||
| 337 | |a Adobe Reader | ||
| 452 | 1 | |0 (RuTPU)RU\TPU\book\223260 |t Сборник задач и упражнений по теории механизмов и машин |o учебное пособие |f М. В. Горбенко, Т. И. Горбенко |g Национальный исследовательский Томский политехнический университет (ТПУ) |c Томск |n Изд-во ТПУ |d 2011 |p 188 с. |a Горбенко, Михаил Владимирович | |
| 606 | 1 | |a Механизмы и машины |x Теория |2 stltpush |3 (RuTPU)RU\TPU\subj\64695 |9 81456 | |
| 610 | 1 | |a электронный ресурс | |
| 610 | 1 | |a труды учёных ТПУ | |
| 610 | 1 | |a учебные пособия | |
| 610 | 1 | |a классификация | |
| 610 | 1 | |a структурный анализ | |
| 610 | 1 | |a кинематический анализ | |
| 610 | 1 | |a силовой анализ | |
| 610 | 1 | |a динамический анализ | |
| 610 | 1 | |a синтез | |
| 610 | 1 | |a теория механизмов | |
| 610 | 1 | |a теория машин | |
| 610 | 1 | |a задачи | |
| 610 | 1 | |a упражнения | |
| 610 | 1 | |a планетарные механизмы | |
| 610 | 1 | |a кинематическое проектирование | |
| 610 | 1 | |a механизмы | |
| 610 | 1 | |a кинематика | |
| 610 | 1 | |a динамика | |
| 675 | |a 621.01(076) |v 3 | ||
| 700 | 1 | |a Горбенко |b М. В. |c специалист в области машиностроения |c доцент Томского политехнического университета, кандидат технических наук |f 1959- |g Михаил Владимирович |3 (RuTPU)RU\TPU\pers\26030 |9 11877 | |
| 701 | 1 | |a Горбенко |b Т. И. |c физик |c доцент Томского политехнического университета, кандидат физико-математических наук |f 1960- |g Татьяна Ивановна |3 (RuTPU)RU\TPU\pers\37630 | |
| 712 | 0 | 2 | |a Национальный исследовательский Томский политехнический университет (ТПУ) |c (2009- ) |3 (RuTPU)RU\TPU\col\15902 |
| 801 | 1 | |a RU |b 63413507 |c 20120516 | |
| 801 | 2 | |a RU |b 63413507 |c 20170228 |g RCR | |
| 856 | 4 | |u http://www.lib.tpu.ru/fulltext2/m/2012/m235.pdf | |
| 942 | |c CF | ||